00850cam a22002773a 450000500170000000800410001701000170005802000230007502000250009803500170012303500130014003700170015304000080017008200060017810000170018424500400020126000380024127000360027930000250031549000330034050000260037350000420039965500270044171000570046880000470052520030306201221.0000117s2000 nyu j 000 1 eng d aB-330478-484 a0439135303 c95.00 a9780439135306c95.00 aB-330478-484 aB-358530 bThe Wise Owl adpl aS aStine, R. L. aAll-day nightmare /cby R.L. Stine. aNew York bScholastic Inc.c2008. a557 BroadwaybNewyorkeNY 10012 a137p. c20 cm. (pbk) aGive yourself goosebumps ;42 a"An Apple paperback." a"A Parachute Press book"--T.p. verso. aHorror stories.2gsafd aCopyright Paperback Collection (Library of Congress) aStine, R. L.tGive yourself goosebumps ;42